Công tác xã hội = Social work

Sơ lược về lịch sử hình thành và phát triển của công tác xã hội. Cơ sở khoa học của công tác xã hội và mốt số lĩnh vực công tác xã hội như công tác xã hội với hành vi lệch chuẩn với các nhóm xã hội. Phương pháp nghiên cứu và kỹ...

Celý popis

Uloženo v:
Podrobná bibliografie
Hlavní autor: Lê, Văn Phú
Médium: Kniha
Jazyk:Undetermined
Vydáno: Hà Nội Đại học Quốc gia Hà Nội 2004
Témata:
Tagy: Přidat tag
Žádné tagy, Buďte první, kdo otaguje tento záznam!
Thư viện lưu trữ: Trung tâm Học liệu Trường Đại học Cần Thơ
LEADER 01102nam a2200217Ia 4500
001 CTU_96873
008 210402s9999 xx 000 0 und d
020 |c 21000 
082 |a 361.3 
082 |b Ph500 
100 |a Lê, Văn Phú 
245 0 |a Công tác xã hội = 
245 0 |b Social work 
245 0 |c Lê Văn Phú 
260 |a Hà Nội 
260 |b Đại học Quốc gia Hà Nội 
260 |c 2004 
520 |a Sơ lược về lịch sử hình thành và phát triển của công tác xã hội. Cơ sở khoa học của công tác xã hội và mốt số lĩnh vực công tác xã hội như công tác xã hội với hành vi lệch chuẩn với các nhóm xã hội. Phương pháp nghiên cứu và kỹ năng thực hành công tác xã hội. Hoạt động công tác xã hội ở mốt số nước trên thế giới và Việt Nam 
650 |a Social service 
904 |i Năm 
980 |a Trung tâm Học liệu Trường Đại học Cần Thơ